Argentinos por categorías #1: Ciencia y técnica - Estadísticas

Estadísticas generales
  • Esta prueba ha sido intentada 24 veces
  • La puntuación promedio es 7 de 15
Estadísticas de respuestas
Hint Respuesta % Correcto
Gabriel Rolón Psicología
85%
Jorge Newbery Aeronáutica
80%
Rodolfo Walsh Periodismo
75%
Eugenio Raúl Zaffaroni Criminología
65%
Bernardo Houssay Medicina
65%
José Pablo Feinmann Filosofía
55%
Juana Manso Educación
50%
Luis Federico Leloir Química
50%
José Antonio Balseiro Física
40%
José Luis Romero Historia
30%
Luis Augusto Huergo Ingeniería civil
25%
Juan Bautista Ambrosetti Arqueología
20%
Manuel Sadosky Computación
20%
Florentino Ameghino Paleontología
20%
Buenaventura Suárez Astronomía
10%
No se encontraron pruebas coincidentes
Distribución de puntuación
Porcentaje de gente con cada puntuación
Porcentaje por número respondido
Historial de tus puntuaciones
No has intentado esta prueba.